A Text Book of Physical Chemistry (Record no. 2099)

MARC details
000 -LEADER
fixed length control field 00459nam a2200181Ia 4500
008 - FIXED-LENGTH DATA ELEMENTS--GENERAL INFORMATION
fixed length control field 221030s9999 xx 000 0 und d
020 ## - INTERNATIONAL STANDARD BOOK NUMBER
ISBN 0706995716
041 ## - LANGUAGE CODE
Language code of text/sound track or separate title
082 ## - DEWEY DECIMAL CLASSIFICATION NUMBER
Classification number 105.23
Item number Sha
100 ## - MAIN ENTRY--AUTHOR NAME
Personal name K. K. Sharma
245 #2 - TITLE STATEMENT
Title A Text Book of Physical Chemistry
Statement of responsibility, etc by K. K. Sharma, L. K. Sharma
250 ## - EDITION STATEMENT
Edition statement 4th
260 ## - PUBLICATION, DISTRIBUTION, ETC. (IMPRINT)
Name of publisher Vikas Pub. House
Place of publication New Delhi
Year of publication 2004
300 ## - PHYSICAL DESCRIPTION
Number of Pages 210
650 ## - SUBJECT ADDED ENTRY--TOPICAL TERM
Topical Term Chemistry
700 ## - ADDED ENTRY--PERSONAL NAME
Personal name L. K. Sharma
942 ## - ADDED ENTRY ELEMENTS (KOHA)
Koha item type Books
Holdings
Accession Number Cost, normal purchase price Full call number Price effective from Koha item type Withdrawn / writtenoff status Materials specified (bound volume or other part) Damaged status Not for loan Permanent Location Current Location Shelving location Date acquired Lost/ Missing status department
BE 7629 210.00 105.23 Sha 10/30/2022 Books   Print     MIET Library, Jammu MIET Library, Jammu BL-Academic Block - C, FL-2, CUP-18, SH-1, R-1 11/16/2005   BE
BE 7630 210.00 105.23 Sh 10/30/2022 Books   Print     MIET Library, Jammu MIET Library, Jammu BL-Academic Block - C, FL-2, CUP-18, SH-1, R-1 11/16/2005   BE